00365nam a2200133Ia 4500008004100000020001800041041000800059082001200067100001100079245008100090260004100171300000900212500001000221220803s9999 xx 000 0 und d a9781859465844 aeng a720 NAS aNash C aContemporary Vernacular Design : How British Housing Can Rediscover Its Soul aGreat BritainbRIBA Publishingc2016 a216p aARCHI